| 000 | 00984nam a22003017a 4500 | ||
|---|---|---|---|
| 001 | BR0303312 | ||
| 003 | BR-BrBNA | ||
| 005 | 20230928101319.0 | ||
| 007 | ta | ||
| 008 | 230509b bl.||||| |||| 00| 0 por d | ||
| 040 |
_aBR-BrBNA _bpor _cBiblioteca Nacional de Agricultura |
||
| 041 | _a(Por) | ||
| 072 | _aL70; U30 | ||
| 090 | _ L70 BR0303312 | ||
| 100 | 1 | _aContreras, R.L. | |
| 110 | 1 |
_aUniversidade Federal de Minas Gerais, Belo Horizonte (Brasil). Escola de Veterinária _0Tese (Doutor em Ciência Animal) |
|
| 245 | 1 | _aReflexões sobre tópicos importantes em metodologia da pesquisa em ciência animal | |
| 260 | 3 |
_aBelo Horizonte, MG (Brasil): _c2002. |
|
| 300 | _a210 p. | ||
| 500 | _aSummaries (Eng, Por); Bibliography p. 151-154; 10 tables; 10 illus. | ||
| 650 | _aVETERINÁRIA | ||
| 650 | _aPESQUISA | ||
| 650 | _aMÉTODO DE PESQUISA | ||
| 650 | _aCIÊNCIA ANIMAL | ||
| 650 | _aMODELO MATEMÁTICO | ||
| 909 |
_a202309 _bLucia _c55 _dLucia Elande |
||
| 942 | _cBK | ||
| 999 |
_c65216 _d65216 |
||